00812 2200265 4500001002100000005001700021008004100038035002400079082001300103090002000116100002100136245011600157250001100273260006900284300002900353500003100382650003100413700002100444700001800465700001500483850001200498980001500510985000600525999001500531YOGYA-0209000005023720090227032440.0 ind  0010-020900000050237 a419.1725 a419.1725bNik M aNIKELAS, Syahwin aMorfologi dan sintaksis bahasa EngganocSyahwin Nikelas, Halipani Rosyad, N. Atar Seni ; penyunting, Zulkarnain aCet. 1 aJakartabPusat Pembinaan dan Pengembangan Bahasa Depdikbudc1994 aix, 118 hlmbilusc21 cm aBibliografi : hlm. 117-118 aBahasa Enggano - Morfologi aRasyad, Halipami aSeni, N. Atar aZulkarnain aYOPDYOG a03-12-2007 a1 a95A0022683